000
00323nam a22001457a 4500
008
210310b ||||| |||| 00| 0 eng d
020
_a
9781319127732
041
_a
eng
080
_2
3rd
_a
573
082
_a
573
100
_a
11
101
_a
BIO
245
_a
Biology for a Changing World
_c
Shuster, M
942
_2
udc
_c
BK
999
_c
56255
_d
56255